I 10 comuni più popolosi della Toscana - Statistics

Statistiche generali
  • Questo quiz è stato fatto 109 volte
  • Il punteggio medio è 9 su 10
Statistiche sulle risposte
DOMANDA RISPOSTA % Corretto
363.837 Firenze
100%
89.371 Pisa
99%
81.636 Grosseto
97%
153.186 Livorno
97%
89.116 Pistoia
97%
198.034 Prato
97%
96.426 Arezzo
96%
89.136 Lucca
96%
65.987 Massa
95%
60.793 Viareggio
68%
Nessun quiz corrispondente trovato
Distribuzione punteggi
Percentuale di utenti per punteggio
Percentile per numero di risposta
I tuoi punteggi nel tempo
Non hai fatto questo quiz